Top 100 Active All-Time Scorers NBA - Statistics

General Stats
  • This quiz has been taken 328 times
    323 since last reset
  • The average score is 55 of 100
Answer Stats
Points Team Player % Correct
40,474 LAL LeBron James
100%
28,924 PHO Kevin Durant
98%
23,668 GSW Steph Curry
96%
25,885 LAC James Harden
95%
18,502 MIL Giannis Antetokounmpo
94%
17,717 LAL Anthony Davis
93%
18,032 LAC Paul George
93%
22,288 GSW Chris Paul
92%
21,151 MIL Damian Lillard
91%
15,531 GSW Klay Thompson
90%
11,470 DAL Luka Doncic
90%
23,582 CHI DeMar DeRozan
89%
13,937 LAC Kawhi Leonard
89%
17,199 DAL Kyrie Irving
89%
14,529 PHO Devin Booker
88%
25,211 LAC Russell Westbrook
88%
6,753 CLE Tristan Thompson
87%
11,852 BOS Jayson Tatum
86%
14,934 MIA Jimmy Butler
86%
7,052 GSW Draymond Green
85%
10,038 BOS Jaylen Brown
85%
12,071 PHI Joel Embiid
85%
14,241 HOU Jeff Green
84%
13,121 MIN Karl-Anthony Towns
81%
16,476 MIL Brook Lopez
80%
12,461 MIL Khris Middleton
80%
16,355 PHO Bradley Beal
79%
14,139 DEN Nikola Jokic
78%
10,379 ATL Trae Young
78%
11,866 CHI Zach LaVine
77%
14,225 PHO Thaddeus Young
76%
15,736 BOS Jrue Holiday
75%
11,619 CLE Donovan Mitchell
72%
8,187 DEN Jamal Murray
72%
8,810 OKL Shai Gilgeous-Alexander
72%
7,261 ATL Dejounte Murray
71%
14,167 BOS Al Horford
70%
7,513 MIA Bam Adebayo
70%
9,940 SAC De'Aaron Fox
70%
9,064 SAC Domantas Sabonis
68%
16,218 PHI Kyle Lowry
68%
9,592 MIN Rudy Gobert
68%
6,920 MIN Anthony Edwards
67%
15,888 MIN Mike Conley
67%
15,370 CHI Nikola Vucevic
67%
7,131 NYK Jalen Brunson
66%
12,229 NYK Julius Randle
62%
9,021 BOS Kristaps Porzingis
62%
9,009 DEN Aaron Gordon
61%
14,231 NOP C.J. McCollum
61%
13,091 GSW Andrew Wiggins
60%
13,868 PHO Eric Gordon
60%
9,256 NOP Brandon Ingram
58%
15,299 MIA Kevin Love
57%
14,602 PHI Tobias Harris
54%
9,747 IND Pascal Siakam
52%
10,709 LAC Reggie Jackson
51%
6,760 BKN Mikal Bridges
48%
10,136 LAL D'Angelo Russell
46%
12,796 SAC Harrison Barnes
46%
7,308 UTA Lauri Markkanen
46%
7,911 IND Myles Turner
43%
7,360 HOU Fred VanVleet
42%
7,466 ATL Clint Capela
41%
9,274 DEN DeAndre Jordan
40%
8,246 WAS Kyle Kuzma
40%
11,000 CHI Andre Drummond
36%
9,723 PHO Isaiah Thomas
35%
11,436 NOP Jonas Valanciunas
35%
12,573 MEM Derrick Rose
34%
7,138 MIL Bobby Portis
33%
6,590 ATL Bogdan Bogdanovic
32%
11,184 NYK Bojan Bogdanovic
32%
10,307 DAL Tim Hardaway Jr.
32%
11,429 UTA Jordan Clarkson
30%
9,499 DEN Kentavious Caldwell-Pope
30%
9,820 PHI Buddy Hield
29%
10,947 PHI Nicolas Batum
28%
8,751 POR Jerami Grant
26%
6,851 LAC Norman Powell
25%
8,573 MIA Terry Rozier
25%
10,758 BKN Dennis Schroder
23%
12,687 OKL Gordon Hayward
23%
7,790 PHI Kelly Oubre Jr.
23%
6,795 UTA John Collins
22%
9,965 CLE Marcus Morris
20%
8,020 DAL Markieff Morris
20%
7,492 MIL Jae Crowder
16%
7,893 MIA Patty Mills
16%
7,206 LAL Spencer Dinwiddie
16%
6,772 POR Malcolm Brogdon
15%
11,607 MIL Danilo Gallinari
14%
9,607 DET Evan Fournier
14%
11,210 ATL Wesley Matthews
12%
6,907 SAC JaVale McGee
11%
6,585 LAC Mason Plumlee
10%
7,755 TOR Kelly Olynyk
8%
6,637 PHI Robert Covington
7%
7,990 NYK Alec Burks
6%
8,290 DET Taj Gibson
5%
No matching quizzes found
Score Distribution
Percent of People with Each Score
Percentile by Number Answered
Your Score History
You have not taken this quiz since the last reset